000
00334nam a2200133Ia 4500
008
220216s9999 xx 000 0 und d
245
0
_a
Review of modern Hevea clones : 3, Clone PR 107
260
_b
Planters Bulletin
_c
1971
300
_a
83-101
650
_a
Bark renewal
650
_a
Hevea clones
650
_a
Yield
942
_c
JS
999
_c
66950
_d
66950